| 000 | 00383nam a2200109Ia 4500 | ||
|---|---|---|---|
| 008 | 171204s9999 xx 000 0 und d | ||
| 245 | 4 | _aThe Psychology and Management of Project Teams: | |
| 245 | _cBrian Hobbs, E. Kevin Kelloway, and François Chiocchio | ||
| 260 | _c2015 | ||
| 650 | _xGROUP DYNAMICS WITH TRAINING TECHNIQUES | ||
| 856 | _uhttp://down.ebook777.com/057/0199861374.pdf | ||
| 999 |
_c346445 _d346445 |
||